000 00647cam a2200193 4500
001 8748
005 20181127190639.0
008 180124s2017 bt 000 0 eng
010 _a 2017350161
100 _aDorji, Lham.
_b
_c
_d
_e
_q
245 0 0 _aUnderstanding the situation of elderly citizens in Bhutan /
_cLham Dorji, Cheda Jamtsho, Tashi Norbu and Garul Dhoj Bhujel.
264 1 _aThimphu :
_bNational Statistics Bureau,
_c2017.
300 _a317 pages
336 _atext
_btxt
_2rdacontent
337 _aunmediated
_bn
_2rdamedia
338 _avolume
_bnc
_2rdacarrier
650 _aAging -- Bhutan.
_v
_x
_y
_z
_2
999 _c7581
_d7581